00849cam a2200217 a 450000100100000000500170001000800410002704000300006808200240009824501310012225000120025326000470026530000320031250400280034465100320037270000420040491000340044604900090048095201270048999900150061600000574620200929151751.0800320s1969 pr a b 001 0 spa d aDO-SdBNPcDLCdDLCdBNPHU a972.95bC947, 1969.00aCrónicas de Puerto Rico :bdesde la conquista hasta nuestros días, 1493-1955 /cselección, Eugenio Fernández Méndez. a2 a ed. aRio Piedras, Puerto Rico :bU.P.R.,c1969. axx, 694 p. :bil. ;c23 cm. aIncluye bibliografía. 4aPuerto RicoxHistoria910791 aFernández Méndez, Eugenio.916240 aCatalogación por copia / LC aBNGR 001052708MOaGRbGRcCTd2009-08-21iLF1l0o972.95 C947, 1969.p5746-10r2020-06-25w2020-06-25y2ZPréstamo interno c5542d5542